000 00532nam a22002177a 4500
003 UA-OsUOA
001 52404
007 ta
008 20150604b un ||||| |||| 00| 0 ukr d
090 _a09-050
942 _cMG
040 _aUA-OsUOA
_bukr
_cUA-OsUOA
_dUA-OsUOA
245 _aСамостійна Україна
955 _a1
041 _aukr
080 _a09-050
260 _aВінніпег
310 _a1948 (зшиток), 1949 (зшиток)
650 7 _a0 Загальний відділ.
_2UDC
999 _c432530
_d432530